000
00289nam a22001337a 4500
008
180220b xxu||||| |||| 00| 0 eng d
020
_a
0824792904
041
_a
eng
080
_a
612.39 DOY
100
_a
10
101
_a
NUT
245
_a
Food safety 1994
_c
Doyle,M.E
942
_2
udc
_c
BK
999
_c
42947
_d
42947